Az első kétszáz év után

Elmentve itt :
Bibliográfiai részletek
Szerző: ZSEHRÁNSZKY István
Adatforrás:Meister
Forrásdokumentuma:A Hét. -
42 sz., 1998, 8 p.
Nyelv:magyar
Kulcsszavak:színháztörténet
színházak
Nagyvárad
Nagyváradi Állami Színház Szigligeti Ede Társulata
LEADER 00459nab a2200157 i 4500
001 bibPRO00007665
008 060524s1998 xx hun
040 |a Sz1 
041 |a hun 
100 1 |a ZSEHRÁNSZKY István 
245 1 3 |a Az első kétszáz év után  |c ZSEHRÁNSZKY István 
695 |a színháztörténet 
695 |a színházak 
695 |a Nagyvárad 
695 |a Nagyváradi Állami Színház Szigligeti Ede Társulata 
773 0 |t A Hét. -  |g 42 sz., 1998, 8 p.